| 000 | 00459nab a2200157Ia 4500 | ||
|---|---|---|---|
| 003 | ES-SlBCS | ||
| 005 | 20210601131746.0 | ||
| 008 | 140529s1929 xxu||||| |||| 00| 0 fre d | ||
| 041 | _afre | ||
| 100 | 1 |
_aBrun, Robert _9188668 |
|
| 245 | 0 | 0 |
_aAvignon au temps des Papes _c Robert Brun, G. Maillet |
| 651 | 4 |
_aAviñón _9188669 |
|
| 700 | 1 |
_aMaillet, G. _9188670 |
|
| 773 | 0 |
_tVie Intelectuelle (La) _gvol. 4, nº. 3, 1929, págs. 379-382 _wRev907 |
|
| 942 | _cAR | ||
| 999 |
_c568307 _d568307 |
||